Statistiques concernant Élimination par catégorie - pays n°3

Cliquez ici pour prendre le quiz!

Statistiques générales

  • Ce quiz a été pris 1,924 fois
  • Le résultat moyen est 13 sur 20

Statistiques - réponses

Groupe # Catégorie % Correct
Vert93Pays d'Eurasie
99%
Vert47... avec au moins 8 lettres
97%
Vert17... qui sont sans littoral
91%
Jaune92Pays commençant par une lettre entre M et Z
88%
Jaune50... avec du bleu sur leur drapeau
83%
Bleu153Pays dont le drapeau contient du rouge
82%
Bleu99... avec une population de plus de 5 millions
82%
Bleu32... qui contiennent la lettre S
80%
Rose105Pays ayant une superficie de plus de 100 000 km²
78%
Rose51... et une altitude maximale supérieure à 3 000 m
76%
Vert4... dont la capitale est située au nord de Paris
75%
Bleu15... en Asie
72%
Rose26... avec du vert sur leur drapeau
65%
Jaune16... dont la capitale a au moins 9 lettres
56%
Bleu1... dont la capitale est située au sud de l'équateurIndonésie
50%
Vert1... et avec une superficie d'au moins 300 000 km²Kazakhstan
44%
Rose7... qui sont sans littoral
38%
Jaune4... qui se trouvent entièrement à l'ouest de Londres
25%
Jaune1... et qui contiennent la lettre YUruguay
19%
Rose1... et ont plus d'un motSoudan
du Sud
8%

Distribution des résultats

Percentile by Number Answered

% des personnes avec chaque résultat

Votre développement - résultats

Vous n’avez pas pris ce quiz